000 01097cam a22002893a 4500
001 3495
003 PGUSA
005 20140828083033.0
008 021001s2002||||xxu|||||s|||||000 | eng d
040 _aPGUSA
_beng
042 _adc
050 4 _aPZ
050 4 _aGR
100 1 _aColum, Padraic,
_d1881-1972
245 1 4 _aThe King of Ireland's Son
_h[electronic resource] /
_cPadraic Colum
260 _bProject Gutenberg,
_c2002
505 0 _aFedelma, the enchanters's daughter -- When the king of the cats came to king connal's dominion -- The sword of light and the unique tale, with as much of the adventures of Gilly of the Goatskin as is given in "The cranskin book" -- The town of the red castle -- The king of the land of mist -- The house of crom duv -- The spae-woman.
506 _aPublic domain in the USA.
516 _aElectronic text
653 _aFolklore -- Ireland
653 _aFairy tales
653 _aTales -- Ireland
653 _aFairy tales -- Ireland
830 0 _aProject Gutenberg
_v3495
856 4 0 _uhttp://www.gutenberg.org/ebooks/3495
942 _cEB
999 _c232824
_d232824